Freedom of information (Record no. 108507)
[ view plain ]
| 000 -LEADER | |
|---|---|
| fixed length control field | 01764cam a22002655a 4500 |
| 001 - CONTROL NUMBER | |
| control field | L144430 |
| 008 - FIXED-LENGTH DATA ELEMENTS--GENERAL INFORMATION | |
| fixed length control field | 080717s2004 xxkad f 001 0 eng d |
| 035 ## - SYSTEM CONTROL NUMBER | |
| System control number | (Sirsi) u144430 |
| 041 0# - LANGUAGE CODE | |
| Language code of text/sound track or separate title | eng |
| 082 ## - DEWEY DECIMAL CLASSIFICATION NUMBER | |
| Classification number | 342.410853 |
| 100 1# - MAIN ENTRY--PERSONAL NAME | |
| Personal name | Smith, Kenneth |
| 245 00 - TITLE STATEMENT | |
| Title | Freedom of information |
| Remainder of title | a practical guide to implementing the Act |
| 260 ## - PUBLICATION, DISTRIBUTION, ETC. | |
| Place of publication, distribution, etc. | London |
| Name of publisher, distributor, etc. | Facet |
| Date of publication, distribution, etc. | 2004 |
| 300 ## - PHYSICAL DESCRIPTION | |
| Extent | xi, 186p. |
| Other physical details | ill. |
| Dimensions | 26cm. |
| 505 2# - FORMATTED CONTENTS NOTE | |
| Formatted contents note | Background to the Freedom of Information Act -- The legislation -- Exemptions -- Publication schemes -- Enforcement and appeal -- Records management -- Data protection, human rights and other legislation -- Staff and training -- Getting ready for Freedom of Information -- Appendices |
| 520 ## - SUMMARY, ETC. | |
| Summary, etc. | Aims to be a practical guide to the implementation of the Freedom of Information Act 2000 (FOI). Combines descriptions with checklists, models and practical examples. Avoids describing the Act in legal language. Instead it focuses on implementation from a user's point of view, directing the reader to those parts of the Act which will affect implementation procedures. Includes the information needed to comply with the Act. Explains how the FOI relates to other legislation such as data protection and human rights. Appendices include Codes of Practice under the Freedom of Information Act 2000 S45 and S46, on the discharge of public authorities' functions and the management of records. |
| 521 20 - TARGET AUDIENCE NOTE | |
| Target audience note | Advanced |
| 590 ## - LOCAL NOTE (RLIN) | |
| Local note | KA |
| 650 24 - SUBJECT ADDED ENTRY--TOPICAL TERM | |
| Topical term or geographic name entry element | FREEDOM OF INFORMATION ACT 2000 |
| 650 24 - SUBJECT ADDED ENTRY--TOPICAL TERM | |
| Topical term or geographic name entry element | CODE OF PRACTICE ON THE DISCHARGE OF PUBLIC AUTHORITIES FUNCTIONS |
| 650 24 - SUBJECT ADDED ENTRY--TOPICAL TERM | |
| Topical term or geographic name entry element | CODE OF PRACTICE ON THE MANAGEMENT OF RECORDS |
| 651 #4 - SUBJECT ADDED ENTRY--GEOGRAPHIC NAME | |
| Geographic name | United Kingdom |
| 690 ## - LOCAL SUBJECT ADDED ENTRY--TOPICAL TERM (OCLC, RLIN) | |
| Topical term or geographic name as entry element | MANAGEMENT-BUSINESS MANAGEMENT-INFORMATION MANAGEMENT |
| 942 ## - ADDED ENTRY ELEMENTS (KOHA) | |
| Suppress in OPAC | 0 |
| Source of classification or shelving scheme | Dewey Decimal Classification |
| Withdrawn status | Lost status | Source of classification or shelving scheme | Damaged status | Not for loan | Home library | Current library | Shelving location | Date acquired | Total Checkouts | Full call number | Barcode | Date last seen | Copy number | Price effective from | Koha item type |
|---|---|---|---|---|---|---|---|---|---|---|---|---|---|---|---|
| Dewey Decimal Classification | London | London | Books | 17/07/2008 | 342.410953 SMI | 30074430 | 06/08/2019 | 1 | 06/08/2019 | Book |